Svasthya vigyanan evam vishavavidhalay Rohtak mein karyarat narson ka samajashastriya adhyayan (Record no. 394587)

MARC details
000 -LEADER
fixed length control field 00503nam a22001697a 4500
005 - DATE & TIME
control field 20251208130645.0
008 - FIXED-LENGTH DATA ELEMENTS--GENERAL INFORMATION
fixed length control field 251208b |||||||| |||| 00| 0 eng d
040 ## - CATALOGING SOURCE
Original cataloging agency VIVEKANANDA LIBRARY
082 ## - DDC NUMBER
Classification number 301.44
Book Number P259S
100 ## - MAIN ENTRY--PERSONAL NAME
Personal name Parveen Kumar
245 ## - TITLE STATEMENT
Title Svasthya vigyanan evam vishavavidhalay Rohtak mein karyarat narson ka samajashastriya adhyayan
260 ## - PUBLICATION, DISTRIBUTION, ETC. (IMPRINT)
Name of publisher, distributor, etc Department of Sociology, M D University, Rohtak
Date of publication, distribution, etc 2024
300 ## - PHYSICAL DESCRIPTION
Pages xiii, 272
650 ## - Subject
Subject Sociology
700 ## - Added Entry Personal Name
Added Entry Personal Name Dahiya, Preeti
942 ## - ADDED ENTRY ELEMENTS (KOHA)
Koha item type Thesis
Holdings
Withdrawn status Lost status Source of classification or shelving scheme Damaged status Not for loan Location (home branch) Sublocation or collection (holding branch) Shelving location Date acquired Koha issues (times borrowed) Koha full call number Accession No. Koha date last seen Copy number Koha item type
    Dewey Decimal Classification     VIVEKANANDA LIBRARY VIVEKANANDA LIBRARY Vivekananda Library 08/12/2025   301.44 P259S 411217 08/12/2025 R Thesis
© Designed and Maintained by Vivekananda Library, MDU Rohtak